[Event "Amber 2011 - Alla cieca"]
[Site "Montecarlo"]
[Date "12.03.2011"]
[Round "1C"]
[White "Aronian, L."]
[Black "Giri, A."]
[Result "1-0"]
[WhiteElo "2808"]
[BlackElo "2690"]
[PlyCount "113"]
[EventDate "2011.03.12"]

1. c4 Nf6 2. Nc3 e5 3. Nf3 Nc6 4. g3 Nd4 5. Bg2 Nxf3+ 6. Bxf3 Bb4 7. Qb3 Bc5 8.
O-O O-O 9. Na4 Be7 10. d4 exd4 11. Rd1 c5 12. e3 dxe3 13. Bxe3 Qc7 14. Nc3 a6
15. g4 h6 16. h4 d6 17. g5 hxg5 18. hxg5 Nh7 19. Nd5 Qd8 20. Nb6 Rb8 21. Bxc5
Nxg5 22. Bg2 Bg4 23. Rd2 Ne6 24. Ba3 Nf4 25. c5 Bh4 26. Nd5 Be6 27. Qe3 Bxd5
28. Qxf4 Bg5 29. Qxg5 Qxg5 30. Rxd5 Qg4 31. cxd6 Rfd8 32. Re1 Rbc8 33. Re4 Rc1+
34. Kh2 Qg6 35. d7 Qh6+ 36. Kg3 Rg1 37. Re8+ Kh7 38. Rxd8 Qg6+ 39. Kf4 Qf6+ 40.
Ke3 Qxd8 41. Be4+ g6 42. f3 Rg5 43. Be7 Qb6+ 44. Rd4 Qa5 45. Bxg5 Qxg5+ 46. Kf2
Qd8 47. Bxb7 a5 48. a3 Kg7 49. b4 axb4 50. axb4 f5 51. b5 f4 52. Be4 g5 53. Ke2
Kf6 54. Rd5 Ke6 55. b6 g4 56. fxg4 Kf6 57. b7 1-0

[Event "Amber 2011 - Alla cieca"]
[Site "Montecarlo"]
[Date "12.03.2011"]
[Round "1C"]
[White "Ivanchuk, V."]
[Black "Gashimov, V."]
[Result "0-1"]
[WhiteElo "2779"]
[BlackElo "2746"]
[PlyCount "56"]
[EventDate "2011.03.12"]

1. e4 e5 2. Nf3 Nf6 3. Nxe5 d6 4. Nf3 Nxe4 5. Nc3 Nxc3 6. dxc3 Be7 7. Be3 Nc6
8. Qd2 Be6 9. O-O-O Qd7 10. Kb1 Bf6 11. Bg5 Qe7 12. Bb5 a6 13. Ba4 b5 14. Bb3
Ne5 15. Bxf6 Nxf3 16. Qe3 Qxf6 17. Bd5 Rb8 18. Bc6+ Ke7 19. Qa7 Rhc8 20. Bxf3
Rb6 21. Bb7 Re8 22. Rhe1 Kf8 23. Bxa6 Qd8 24. a4 bxa4 25. Ka1 Qb8 26. Qxb8
Rexb8 27. Bd3 Rxb2 28. Re4 Ra2# 0-1

[Event "Amber 2011 - Alla cieca"]
[Site "Montecarlo"]
[Date "12.03.2011"]
[Round "1C"]
[White "Anand, V."]
[Black "Topalov, V."]
[Result "1-0"]
[WhiteElo "2817"]
[BlackElo "2775"]
[PlyCount "133"]
[EventDate "2011.03.12"]

1. e4 e5 2. Nf3 Nc6 3. Bb5 Nf6 4. O-O Nxe4 5. d4 Nd6 6. Bxc6 dxc6 7. dxe5 Nf5
8. Qxd8+ Kxd8 9. Nc3 Ne7 10. h3 Ng6 11. Bg5+ Ke8 12. Rad1 Bd7 13. Rd2 Be7 14.
Rfd1 Be6 15. Bxe7 Kxe7 16. Kh2 h5 17. Ne4 Rad8 18. Nc5 Rxd2 19. Rxd2 Bc8 20. b4
h4 21. Rd3 Rd8 22. Rxd8 Kxd8 23. g4 hxg3+ 24. Kxg3 b6 25. Nd3 Be6 26. a3 Bd5
27. Nd4 Ke7 28. Nf5+ Kf8 29. f4 Be4 30. Kg4 f6 31. exf6 gxf6 32. h4 Nh8 33. Ng3
Bh7 34. f5 Nf7 35. Kf4 Nd6 36. Nf2 Bg8 37. Nfe4 Ne8 38. h5 Kg7 39. Nf2 Ba2 40.
Ng4 Bb1 41. h6+ Kh7 42. c3 Nd6 43. Nxf6+ Kxh6 44. Ng4+ Kg7 45. Ne5 Kf6 46. Nh5+
Ke7 47. Nxc6+ Kf8 48. Ng3 Nb5 49. Ne2 Bd3 50. a4 Bxe2 51. axb5 Bxb5 52. Nxa7
Bd7 53. c4 Ke7 54. Ke5 Be8 55. Nb5 c6 56. f6+ Kd7 57. Nd6 Bg6 58. c5 bxc5 59.
bxc5 Bb1 60. Nc4 Ba2 61. Nb6+ Ke8 62. Kd6 Kf7 63. Kxc6 Kxf6 64. Kd6 Bb1 65. c6
Bd3 66. Nd7+ Kg7 67. Nc5 1-0

[Event "Amber 2011 - Alla cieca"]
[Site "Montecarlo"]
[Date "13.03.2011"]
[Round "2C"]
[White "Topalov, V."]
[Black "Karjakin, Sergey"]
[Result "1/2-1/2"]
[WhiteElo "2775"]
[BlackElo "2776"]
[PlyCount "104"]
[EventDate "2011.03.12"]

1. d4 Nf6 2. c4 e6 3. Nc3 Bb4 4. e3 O-O 5. Bd3 c5 6. Nf3 d5 7. O-O dxc4 8. Bxc4
cxd4 9. exd4 a6 10. a4 Nc6 11. Bg5 h6 12. Bh4 Be7 13. Re1 Bd7 14. Qe2 Nd5 15.
Bg3 Bb4 16. Rec1 Nde7 17. Ne5 Nxe5 18. Qxe5 Bc6 19. Bd3 Rc8 20. Rd1 Qa5 21.
Qxa5 Bxa5 22. Bd6 Rfe8 23. b4 Bc7 24. Bc5 Nd5 25. Nxd5 Bxd5 26. a5 Red8 27. g3
Bd6 28. Bb6 Rf8 29. Bc5 Bxc5 30. dxc5 Bf3 31. Re1 Rfd8 32. Be4 Bxe4 33. Rxe4
Kf8 34. Rb1 Ke7 35. Kf1 Rd5 36. h4 Kd7 37. Rf4 f6 38. Re1 Re8 39. Rfe4 g5 40.
hxg5 hxg5 41. g4 e5 42. Ke2 Rh8 43. Rc1 Kc6 44. Rc3 Kb5 45. Rf3 Rh6 46. Rf5 Rd7
47. Rf3 Rd8 48. Rf5 Rd7 49. Rf3 Rd8 50. Rf5 Ka4 51. Rf3 Rd7 52. Rf5 Kb5 1/2-1/2

[Event "Amber 2011 - Alla cieca"]
[Site "Montecarlo"]
[Date "13.03.2011"]
[Round "2C"]
[White "Giri, A."]
[Black "Ivanchuk, V."]
[Result "1/2-1/2"]
[WhiteElo "2690"]
[BlackElo "2779"]
[PlyCount "124"]
[EventDate "2011.03.12"]

1. d4 Nf6 2. c4 e6 3. Nf3 b6 4. g3 Ba6 5. Qa4 Bb7 6. Bg2 c5 7. dxc5 Bxc5 8. O-O
O-O 9. Nc3 Be7 10. Bf4 Na6 11. Rfd1 Nc5 12. Qc2 Qc8 13. Rd4 d5 14. Ne5 Nce4 15.
Nxe4 Nxe4 16. Bxe4 dxe4 17. Rd7 Bf6 18. Rad1 Bd5 19. Qa4 Bxe5 20. cxd5 Bxf4 21.
gxf4 exd5 22. e3 Qc4 23. Qxc4 dxc4 24. R1d4 b5 25. Rxe4 Rfd8 26. Rb7 a6 27.
Ree7 Rd1+ 28. Kg2 Rf8 29. a4 bxa4 30. Rb4 Rb1 31. Rxc4 Rxb2 32. Rxa4 Rb6 33.
Ra7 Rg6+ 34. Kh1 Rc8 35. Ra1 h5 36. R7xa6 Rxa6 37. Rxa6 Rc5 38. Ra8+ Kh7 39.
Ra7 Kg8 40. Re7 g6 41. Kg2 Kg7 42. Re5 Rc2 43. Re7 Ra2 44. Rb7 Rc2 45. Ra7 Rb2
46. Kf3 Rd2 47. Rc7 Rb2 48. h3 Ra2 49. Rd7 Rb2 50. e4 Rb3+ 51. Kg2 Rb4 52. f3
h4 53. Rd2 Rb1 54. Rc2 Ra1 55. Rb2 Rc1 56. Rb7 Rc2+ 57. Kg1 Rc1+ 58. Kf2 Rh1
59. Kg2 Ra1 60. Kf2 Ra2+ 61. Ke3 Ra3+ 62. Ke2 Ra2+ 1/2-1/2

[Event "Amber 2011 - Alla cieca"]
[Site "Montecarlo"]
[Date "14.03.2011"]
[Round "3C"]
[White "Anand, V."]
[Black "Gelfand, B."]
[Result "1/2-1/2"]
[WhiteElo "2817"]
[BlackElo "2733"]
[PlyCount "116"]
[EventDate "2011.03.12"]

1. d4 d5 2. c4 c6 3. Nf3 Nf6 4. Nc3 e6 5. Bg5 h6 6. Bh4 dxc4 7. e4 g5 8. Bg3 b5
9. Be2 Bb7 10. O-O Nbd7 11. Ne5 Bg7 12. Nxd7 Nxd7 13. Bd6 a6 14. a4 b4 15. Bxb4
Qb6 16. Ba3 Qxd4 17. Qc2 c5 18. Rad1 Qe5 19. Bxc4 Qc7 20. Nb1 O-O 21. Nd2 Ne5
22. Be2 Rfc8 23. Kh1 c4 24. Rc1 Qc6 25. f3 Nd3 26. Rb1 Nxb2 27. Bxb2 c3 28.
Bxc3 Qxc3 29. Qxc3 Bxc3 30. Nc4 Rc7 31. Rfc1 Bd4 32. Na5 Rxc1+ 33. Rxc1 Ra7 34.
Rc7 Ba8 35. Rxa7 Bxa7 36. Bxa6 f5 37. exf5 exf5 38. Bb7 Bb6 39. Nc4 Bxb7 40.
Nxb6 Kf7 41. Kg1 Ke6 42. Kf2 f4 43. Nc4 Kd5 44. Nd2 Kc5 45. Ne4+ Kb4 46. Nd6
Bd5 47. Nf5 Kxa4 48. Nxh6 Kb4 49. Ng4 Be6 50. Nf6 Kc4 51. h3 Kd4 52. Nh7 Ke5
53. Nxg5 Bc4 54. h4 Kf5 55. Nh3 Bf7 56. Ke2 Bc4+ 57. Kd2 Bf1 58. h5 Bxg2
1/2-1/2

[Event "Amber 2011 - Alla cieca"]
[Site "Montecarlo"]
[Date "15.03.2011"]
[Round "4C"]
[White "Gelfand, B."]
[Black "Topalov, V."]
[Result "1/2-1/2"]
[WhiteElo "2733"]
[BlackElo "2775"]
[PlyCount "84"]
[EventDate "2011.03.12"]

1. d4 Nf6 2. c4 g6 3. Nf3 Bg7 4. g3 d5 5. cxd5 Nxd5 6. Bg2 Nb6 7. Nc3 Nc6 8. e3
O-O 9. O-O Re8 10. Re1 a5 11. Qe2 Bf5 12. Rd1 a4 13. d5 Na5 14. Nd4 Nac4 15.
Nxf5 gxf5 16. Qc2 Nd6 17. Rb1 Ra5 18. e4 fxe4 19. Nxe4 Qc8 20. Bf4 h6 21. Rbc1
Rb5 22. b3 axb3 23. axb3 Qg4 24. Qd3 Rb4 25. Bf3 Qg6 26. Nxd6 cxd6 27. Qxg6
fxg6 28. Bg4 g5 29. Be6+ Kf8 30. Be3 Rxb3 31. h4 Bf6 32. hxg5 hxg5 33. Kg2 Rb4
34. Rh1 Kg7 35. Rh5 Rh8 36. Rxh8 Kxh8 37. Rh1+ Kg7 38. Rh5 Nc4 39. Bxg5 Kg6 40.
f4 Kxh5 41. Bf7+ Kg4 42. Be6+ Kh5 1/2-1/2

[Event "Amber 2011 - Alla cieca"]
[Site "Montecarlo"]
[Date "15.03.2011"]
[Round "4C"]
[White "Aronian, L."]
[Black "Ivanchuk, V."]
[Result "1/2-1/2"]
[WhiteElo "2808"]
[BlackElo "2779"]
[PlyCount "202"]
[EventDate "2011.03.12"]

1. d4 Nf6 2. c4 e6 3. g3 Nc6 4. Bg2 Bb4+ 5. Bd2 Qe7 6. e3 b6 7. Nc3 Bb7 8. Nge2
Na5 9. Bxb7 Nxb7 10. O-O c5 11. a3 Bxc3 12. Bxc3 Ne4 13. Be1 f5 14. f3 Nf6 15.
b4 O-O 16. bxc5 bxc5 17. Rb1 Nd6 18. Qd3 Rfc8 19. Kg2 cxd4 20. Bb4 a5 21. Bxd6
Qxd6 22. Rfc1 Qa6 23. Nxd4 Qd6 24. Rb5 Rc5 25. Qc3 h6 26. a4 Nd5 27. cxd5 Rxc3
28. Rxc3 Kh7 29. dxe6 dxe6 30. Rb7 e5 31. Rxg7+ Kh8 32. Rcc7 exd4 33. Rh7+ Kg8
34. Rcg7+ Kf8 35. Rf7+ Ke8 36. Rfg7 Qf8 37. exd4 Rd8 38. Ra7 Qf6 39. Rxa5 Rxd4
40. Rb7 Rd7 41. Rbb5 f4 42. Re5+ Kd8 43. Re2 Qc6 44. Rf5 fxg3 45. hxg3 Qxa4 46.
Rf8+ Kc7 47. Rfe8 Qb4 48. R8e4 Qa3 49. g4 Qd6 50. Re6 Qf4 51. Re7 h5 52. Rxd7+
Kxd7 53. gxh5 Qg5+ 54. Kf2 Qxh5 55. Kg2 Qg5+ 56. Kf2 Qf4 57. Kg2 Kd6 58. Re4
Qd2+ 59. Kg3 Kd5 60. Rg4 Qe2 61. Re4 Qf1 62. Kg4 Qg2+ 63. Kf4 Qg1 64. Re5+ Kd4
65. Re4+ Kd3 66. Re5 Qh2+ 67. Kf5 Qh5+ 68. Kf4 Qh2+ 69. Kf5 Qg3 70. f4 Qf3 71.
Kg5 Kd4 72. Re6 Qg3+ 73. Kf5 Qh3+ 74. Kf6 Qg4 75. f5 Qf4 76. Kg6 Kd5 77. Ra6
Qg4+ 78. Kf6 Qe2 79. Re6 Qh2 80. Kg6 Qg3+ 81. Kf6 Qf4 82. Kg6 Qg4+ 83. Kf6 Qg3
84. Ra6 Qc3+ 85. Kg6 Ke5 86. Re6+ Kf4 87. f6 Qg3+ 88. Kh7 Qh3+ 89. Kg7 Qg4+ 90.
Kh8 Qh5+ 91. Kg7 Qg5+ 92. Kh7 Qh4+ 93. Kg8 Qg3+ 94. Kh8 Qc3 95. Kh7 Qc2+ 96.
Kg7 Qg2+ 97. Kh8 Qb7 98. f7 Qxf7 99. Re4+ Kg5 100. Rg4+ Kh5 101. Rh4+ Kxh4
1/2-1/2

[Event "Amber 2011 - Alla cieca"]
[Site "Montecarlo"]
[Date "17.03.2011"]
[Round "5C"]
[White "Gashimov, V."]
[Black "Aronian, L."]
[Result "0-1"]
[WhiteElo "2746"]
[BlackElo "2808"]
[PlyCount "148"]
[EventDate "2011.03.12"]

1. e4 e5 2. Nf3 Nc6 3. Bb5 Nf6 4. O-O Nxe4 5. d4 Nd6 6. Bxc6 dxc6 7. dxe5 Nf5
8. Qxd8+ Kxd8 9. Nc3 h6 10. Rd1+ Ke8 11. Ne2 Ne7 12. b3 Bg4 13. Bb2 Rd8 14. c4
Ng6 15. h3 Bxf3 16. gxf3 Be7 17. f4 Nh4 18. Ng3 g6 19. Kf1 Rf8 20. Ne4 Rd7 21.
a4 Kd8 22. Bd4 b6 23. a5 Kc8 24. axb6 axb6 25. Be3 Rxd1+ 26. Rxd1 Rd8 27. Ra1
Rd3 28. Rb1 Rd8 29. Ke2 Kd7 30. f5 Nxf5 31. Ra1 Ke6 32. f4 f6 33. Ra7 Rc8 34.
exf6 Bxf6 35. Nxf6 Kxf6 36. Bf2 c5 37. Kf3 Ke6 38. Ke4 Re8 39. Kd3 Rd8+ 40. Ke2
Kd6 41. Ra1 Kc6 42. Rg1 Rd6 43. Rg2 Kd7 44. Rg1 Ke7 45. Ra1 Kd7 46. Rg1 Nd4+
47. Bxd4 cxd4 48. b4 Re6+ 49. Kd2 Kd6 50. h4 c5 51. bxc5+ Kxc5 52. Kd3 Re3+ 53.
Kd2 Rh3 54. Rxg6 Rxh4 55. Kd3 Rxf4 56. Rxh6 Rf3+ 57. Kd2 Rc3 58. Rh8 Kxc4 59.
Rc8+ Kb4 60. Rd8 b5 61. Rxd4+ Kb3 62. Rd7 b4 63. Rb7 Ka3 64. Ra7+ Kb2 65. Rb7
b3 66. Rb8 Rc7 67. Rd8 Kb1 68. Rb8 b2 69. Ra8 Rd7+ 70. Ke2 Rd5 71. Ra7 Kc2 72.
Rc7+ Kb3 73. Rb7+ Ka3 74. Ke3 Ra5 0-1

[Event "Amber 2011 - Alla cieca"]
[Site "Montecarlo"]
[Date "18.03.2011"]
[Round "6C"]
[White "Anand, V."]
[Black "Ivanchuk, V."]
[Result "1/2-1/2"]
[WhiteElo "2817"]
[BlackElo "2779"]
[PlyCount "98"]
[EventDate "2011.03.12"]

1. e4 e5 2. Nf3 Nc6 3. Bb5 a6 4. Ba4 Nf6 5. O-O Be7 6. Re1 b5 7. Bb3 d6 8. c3
O-O 9. h3 Na5 10. Bc2 c5 11. d4 Qc7 12. Nbd2 cxd4 13. cxd4 Nc6 14. Nb3 a5 15.
Be3 a4 16. Nbd2 Bd7 17. a3 Rfe8 18. Bd3 Rab8 19. Rc1 Qb7 20. dxe5 dxe5 21. Bc5
Bd8 22. b4 axb3 23. Nxb3 Qa8 24. Bd6 Rb6 25. Rc5 Nd4 26. Bxe5 Nxf3+ 27. Qxf3
Qxa3 28. Bc2 Qa8 29. Bd4 Rbe6 30. Rg5 g6 31. Nc5 Rd6 32. Nxd7 Nxd7 33. Bb3 Bf6
34. Bxf6 Nxf6 35. Qf4 Qa5 36. Re3 Qd2 37. e5 Nd5 38. Qf3 Rdd8 39. Rg4 Re7 40.
Rd3 Qe1+ 41. Kh2 Qxe5+ 42. g3 Red7 43. Rgd4 Qf6 44. Qe2 Nc3 45. Rxd7 Rxd7 46.
Qe8+ Kg7 47. Rxd7 Qxf2+ 48. Kh1 Qf1+ 49. Kh2 Qf2+ 1/2-1/2

[Event "Amber 2011 - Alla cieca"]
[Site "Montecarlo"]
[Date "18.03.2011"]
[Round "6C"]
[White "Topalov, V."]
[Black "Gashimov, V."]
[Result "1/2-1/2"]
[WhiteElo "2775"]
[BlackElo "2746"]
[PlyCount "77"]
[EventDate "2011.03.12"]

1. d4 g6 2. c4 Bg7 3. Nf3 d6 4. Nc3 Bg4 5. g3 Bxf3 6. exf3 e6 7. d5 exd5 8.
cxd5 Ne7 9. Bh3 O-O 10. O-O Nd7 11. Re1 Re8 12. Bg5 h6 13. Be3 Ne5 14. Rc1 Nc4
15. Qb3 Ne5 16. Qd1 Nc4 17. b3 Nxe3 18. Rxe3 c6 19. dxc6 bxc6 20. f4 d5 21. Rd3
d4 22. Ne2 Qd6 23. Rc4 Rad8 24. Bf1 c5 25. b4 cxb4 26. Nxd4 Qb6 27. Nf3 a5 28.
Qa4 Kf8 29. Rxd8 Rxd8 30. Qc2 Qd6 31. Rc5 a4 32. Ra5 a3 33. Qb3 Rc8 34. Rb5 Rc3
35. Qxb4 Qxb4 36. Rxb4 Nc6 37. Rc4 Rxf3 38. Rxc6 Rc3 39. Rxc3 1/2-1/2

[Event "Amber 2011 - Alla cieca"]
[Site "Montecarlo"]
[Date "19.03.2011"]
[Round "7C"]
[White "Giri, A."]
[Black "Topalov, V."]
[Result "0-1"]
[WhiteElo "2690"]
[BlackElo "2775"]
[PlyCount "88"]
[EventDate "2011.03.12"]

1. c4 Nf6 2. Nc3 g6 3. e4 d6 4. d4 Bg7 5. Nf3 O-O 6. Be2 e5 7. O-O Nc6 8. d5
Ne7 9. Ne1 Nd7 10. Nd3 f5 11. Bd2 Nf6 12. f3 c6 13. dxc6 bxc6 14. Be3 Be6 15.
b3 a5 16. Bf2 c5 17. exf5 gxf5 18. Qd2 Nc6 19. Rae1 Ra7 20. Bd1 Re7 21. Kh1 Kh8
22. Bh4 Qe8 23. f4 e4 24. Nf2 Nd4 25. h3 Rd7 26. Na4 Ra7 27. Qe3 Qc6 28. Nc3 d5
29. Bxf6 Bxf6 30. cxd5 Bxd5 31. Rg1 Bg8 32. g4 Re7 33. Kh2 Nf3+ 34. Bxf3 exf3
35. Qd2 Rd7 36. Qc2 Qd6 37. Qc1 Qd2 38. Qxd2 Rxd2 39. Ncd1 Bh4 40. Rgf1 Rxa2
41. Re3 c4 42. Rxf3 cxb3 43. Nc3 Rc2 44. Kg1 Bc4 0-1

[Event "Amber 2011 - Alla cieca"]
[Site "Montecarlo"]
[Date "19.03.2011"]
[Round "7C"]
[White "Gashimov, V."]
[Black "Karjakin, Sergey"]
[Result "1/2-1/2"]
[WhiteElo "2746"]
[BlackElo "2776"]
[PlyCount "34"]
[EventDate "2011.03.12"]

1. e4 e5 2. Nf3 Nc6 3. Bb5 a6 4. Ba4 Nf6 5. O-O Be7 6. Re1 b5 7. Bb3 O-O 8. d4
d6 9. dxe5 Nxe5 10. Nxe5 dxe5 11. Bg5 h6 12. Bxf6 Bxf6 13. Nc3 c6 14. Qxd8 Rxd8
15. Rad1 Bb7 16. f3 Rxd1 17. Rxd1 Rd8 1/2-1/2

[Event "Amber 2011 - Alla cieca"]
[Site "Montecarlo"]
[Date "19.03.2011"]
[Round "7C"]
[White "Aronian, L."]
[Black "Gelfand, B."]
[Result "1-0"]
[WhiteElo "2808"]
[BlackElo "2733"]
[PlyCount "57"]
[EventDate "2011.03.12"]

1. c4 e5 2. Nc3 Nf6 3. Nf3 Nc6 4. g3 d5 5. cxd5 Nxd5 6. Bg2 Nb6 7. O-O Be7 8.
a3 O-O 9. b4 Be6 10. Rb1 f6 11. d3 Nd4 12. Nd2 c6 13. Nde4 Bf7 14. Nc5 Qc7 15.
Be3 a5 16. Qd2 axb4 17. axb4 Nd7 18. N5e4 f5 19. Bg5 Qd8 20. Bxe7 Qxe7 21. Ng5
Ra3 22. Rfc1 Nb3 23. Qb2 Nxc1 24. Qxa3 Nxe2+ 25. Nxe2 Qxg5 26. Qa7 Qd2 27. Qxb7
Nb8 28. b5 Qc3 29. Nxc3 1-0

[Event "Amber 2011 - Alla cieca"]
[Site "Montecarlo"]
[Date "20.03.2011"]
[Round "8C"]
[White "Anand, V."]
[Black "Aronian, L."]
[Result "1/2-1/2"]
[WhiteElo "2817"]
[BlackElo "2808"]
[PlyCount "37"]
[EventDate "2011.03.12"]

1. e4 e5 2. Nf3 Nc6 3. Bb5 Nf6 4. d3 d6 5. O-O Be7 6. c3 O-O 7. Re1 Bd7 8. Nbd2
Re8 9. Nf1 Bf8 10. Bg5 h6 11. Bh4 Nb8 12. Bc4 Be6 13. Bxe6 Rxe6 14. Qb3 Qc8 15.
d4 Nbd7 16. Qc2 g6 17. dxe5 dxe5 18. Rad1 c6 19. Ne3 1/2-1/2

[Event "Amber 2011 - Alla cieca"]
[Site "Montecarlo"]
[Date "20.03.2011"]
[Round "8C"]
[White "Karjakin, Sergey"]
[Black "Giri, A."]
[Result "1/2-1/2"]
[WhiteElo "2776"]
[BlackElo "2690"]
[PlyCount "76"]
[EventDate "2011.03.12"]

1. e4 e5 2. Nf3 Nf6 3. Nxe5 d6 4. Nf3 Nxe4 5. Nc3 Nxc3 6. dxc3 Be7 7. Be3 Nc6
8. Qd2 Be6 9. O-O-O Qd7 10. Kb1 Bf6 11. h4 h6 12. b3 O-O-O 13. Nd4 a6 14. Nxe6
fxe6 15. g4 Ne5 16. Be2 Qc6 17. f4 Ng6 18. h5 Bxc3 19. Qd3 Ne7 20. Bc1 d5 21.
Bf3 e5 22. fxe5 Bxe5 23. g5 hxg5 24. Bxg5 Bf6 25. Rhg1 Rhf8 26. Rde1 Bxg5 27.
Rxg5 Qf6 28. Bg4+ Kb8 29. Rge5 Nc6 30. Rxd5 Nb4 31. Rxd8+ Rxd8 32. Qf3 Qh6 33.
Qe4 Nc6 34. Bf3 Qf6 35. Qe3 Nd4 36. Rd1 Nxf3 37. Rxd8+ Qxd8 38. Qxf3 Qd4
1/2-1/2

[Event "Amber 2011 - Alla cieca"]
[Site "Montecarlo"]
[Date "22.03.2011"]
[Round "9C"]
[White "Gashimov, V."]
[Black "Gelfand, B."]
[Result "1-0"]
[WhiteElo "2746"]
[BlackElo "2733"]
[PlyCount "73"]
[EventDate "2011.03.12"]

1. c4 Nf6 2. Nc3 e5 3. g3 d5 4. cxd5 Nxd5 5. Bg2 Nb6 6. Nf3 Nc6 7. Rb1 a5 8.
O-O Be7 9. d3 O-O 10. Be3 Be6 11. Bxb6 cxb6 12. Qa4 Rc8 13. Rbc1 f5 14. Rfd1
Bf6 15. a3 Kh8 16. e3 Bf7 17. Nd2 Bh5 18. Bf3 Be8 19. Qb3 Bf7 20. Bd5 Bh5 21.
Be6 Bxd1 22. Rxd1 f4 23. Bxc8 Qxc8 24. Qd5 Qg4 25. Qe4 Qh5 26. Re1 Bg5 27. Kg2
fxe3 28. fxe3 Nd4 29. Rf1 Rxf1 30. Nxf1 Nc2 31. Qf5 h6 32. h4 Ne1+ 33. Kf2
Bxe3+ 34. Nxe3 Qxf5+ 35. Nxf5 Nxd3+ 36. Ke3 Nxb2 37. Nd6 1-0

[Event "Amber 2011 - Alla cieca"]
[Site "Montecarlo"]
[Date "22.03.2011"]
[Round "9C"]
[White "Ivanchuk, V."]
[Black "Karjakin, Sergey"]
[Result "1/2-1/2"]
[WhiteElo "2779"]
[BlackElo "2776"]
[PlyCount "66"]
[EventDate "2011.03.12"]

1. d4 Nf6 2. c4 e6 3. Nc3 Bb4 4. Qc2 O-O 5. a3 Bxc3+ 6. Qxc3 d5 7. Nf3 dxc4 8.
Qxc4 b6 9. Bg5 Ba6 10. Qc2 h6 11. Bxf6 Qxf6 12. e3 Bxf1 13. Kxf1 c5 14. Ke2
cxd4 15. Nxd4 Nd7 16. Rac1 Qg5 17. Qc6 Nf6 18. h4 Qe5 19. g3 Rad8 20. Rhd1 Rd5
21. Qb7 Qh5+ 22. Ke1 Rfd8 23. Rc8 e5 24. Rxd8+ Rxd8 25. Qc7 Rd5 26. Qc8+ Kh7
27. Qf5+ Qxf5 28. Nxf5 Rc5 29. Ke2 g6 30. Nd6 Kg7 31. Rd2 Kf8 32. Kf3 Ke7 33.
Ne4 Nxe4 1/2-1/2

[Event "Amber 2011 - Alla cieca"]
[Site "Montecarlo"]
[Date "23.03.2011"]
[Round "10C"]
[White "Topalov, V."]
[Black "Aronian, L."]
[Result "0-1"]
[WhiteElo "2775"]
[BlackElo "2808"]
[PlyCount "120"]
[EventDate "2011.03.12"]

1. d4 Nf6 2. c4 e6 3. Nf3 d5 4. Nc3 Bb4 5. cxd5 exd5 6. Bg5 h6 7. Bh4 c5 8. e3
g5 9. Bg3 c4 10. Be2 Ne4 11. Rc1 Qa5 12. Ne5 Nc6 13. O-O Bxc3 14. bxc3 Nxc3 15.
Rxc3 Qxc3 16. Bh5 O-O 17. Qf3 Nd8 18. Qf6 Qc2 19. Ng4 Bxg4 20. Be5 Qh7 21. Bxg4
Ne6 22. f4 Qg7 23. Qe7 Rae8 24. Qd7 Qh7 25. fxg5 f5 26. Qxh7+ Kxh7 27. Bxf5+
Rxf5 28. Rxf5 c3 29. gxh6 b5 30. Bd6 a5 31. Ba3 b4 32. Bc1 a4 33. Rf7+ Kxh6 34.
Rb7 Nf4 35. exf4 Re1+ 36. Kf2 Rxc1 37. Rxb4 Ra1 38. Rb6+ Kg7 39. Rc6 Rxa2+ 40.
Ke3 Rxg2 41. Rxc3 Rxh2 42. Rc6 a3 43. f5 Rh6 44. Rc1 Ra6 45. Kd3 a2 46. Ra1 Kf6
47. Kc3 Kxf5 48. Kb2 Ke4 49. Re1+ Kxd4 50. Ka1 Kc3 51. Rc1+ Kd2 52. Rc2+ Kd3
53. Rc3+ Ke4 54. Rh3 d4 55. Rh4+ Kd3 56. Rh3+ Kc4 57. Rc3+ Kd5 58. Rh3 Rb6 59.
Kxa2 Kc4 60. Rh1 Kc3 0-1

[Event "Amber 2011 - Alla cieca"]
[Site "Montecarlo"]
[Date "23.03.2011"]
[Round "10C"]
[White "Anand, V."]
[Black "Gashimov, V."]
[Result "1/2-1/2"]
[WhiteElo "2817"]
[BlackElo "2746"]
[PlyCount "34"]
[EventDate "2011.03.12"]

1. e4 e5 2. Nf3 Nf6 3. Nxe5 d6 4. Nf3 Nxe4 5. Nc3 Nxc3 6. dxc3 Be7 7. Be3 Nc6
8. Qd2 Be6 9. O-O-O Qd7 10. Kb1 Bf6 11. h4 O-O-O 12. Nd4 Nxd4 13. Bxd4 Be5 14.
f4 Bxd4 15. Qxd4 c5 16. Qf2 Rhe8 17. Bd3 Bf5 1/2-1/2

[Event "Amber 2011 - Alla cieca"]
[Site "Montecarlo"]
[Date "24.03.2011"]
[Round "11C"]
[White "Ivanchuk, V."]
[Black "Topalov, V."]
[Result "1/2-1/2"]
[WhiteElo "2779"]
[BlackElo "2775"]
[PlyCount "194"]
[EventDate "2011.03.12"]

1. d4 Nf6 2. c4 g6 3. Nc3 Bg7 4. Nf3 O-O 5. g3 c6 6. Bg2 d5 7. Qb3 dxc4 8. Qxc4
Bf5 9. O-O Nbd7 10. Bf4 Nb6 11. Qb3 Ne4 12. Rfd1 Be6 13. d5 Nxc3 14. dxe6 Nxd1
15. exf7+ Kh8 16. Rxd1 Qc8 17. Ng5 Qf5 18. h4 h6 19. Be4 Qf6 20. Ne6 Rxf7 21.
Rd2 Rg8 22. Ng5 Rff8 23. Ne6 Rf7 24. Kg2 Nd5 25. Bxd5 cxd5 26. Qxd5 Qf5 27. e4
Qxd5 28. exd5 Rc8 29. b3 Kh7 30. g4 Bh8 31. Be3 b6 32. f4 Rc3 33. Kf3 Be5 34.
Ke4 Bd6 35. Rh2 Kg8 36. Rg2 Rh7 37. Kd4 Rc8 38. Kd3 Kf7 39. Bd4 Rc1 40. Rc2
Rxc2 41. Kxc2 Ke8 42. Kd3 Rf7 43. Ke4 Kd7 44. h5 gxh5 45. gxh5 Ba3 46. f5 Bc1
47. a4 Bd2 48. Be5 Kc8 49. Bb2 Kd7 50. Bd4 Kc8 51. Be5 Rh7 52. Bb2 Rf7 53. Ba3
Rh7 54. b4 Rh8 55. d6 Kd7 56. dxe7 Kxe7 57. b5+ Kf7 58. Bd6 Rc8 59. Bc7 Ke7 60.
Kd5 Kd7 61. Be5 Bc3 62. Bf4 Rh8 63. Be3 Bf6 64. Bd2 Bb2 65. Bf4 Bf6 66. Bd6 Re8
67. Bf8 Bg5 68. Bg7 Bc1 69. Be5 Bd2 70. Bd4 Rc8 71. f6 Ke8 72. Be5 Kf7 73. Kd6
Re8 74. Ng7 Bb4+ 75. Kd5 Rc8 76. Nf5 Bf8 77. Nd4 Rc5+ 78. Ke4 Rc4 79. Kf5 Rc1
80. Nc6 Rf1+ 81. Ke4 Ke6 82. Nd4+ Kd7 83. Nc6 Ke6 84. Nd4+ Kd7 85. Nc6 Bd6 86.
Bd4 Rf4+ 87. Ke3 Ke6 88. Nxa7 Kd5 89. Bxb6 Re4+ 90. Kf3 Rxa4 91. Nc8 Rf4+ 92.
Kg2 Rxf6 93. Nxd6 Rxd6 94. Bc7 Rd7 95. b6 Kc6 96. Kg3 Rd5 97. Kg4 Kb7 1/2-1/2

[Event "Amber 2011 - Alla cieca"]
[Site "Montecarlo"]
[Date "24.03.2011"]
[Round "11C"]
[White "Giri, A."]
[Black "Anand, V."]
[Result "0-1"]
[WhiteElo "2690"]
[BlackElo "2817"]
[PlyCount "54"]
[EventDate "2011.03.12"]

1. c4 c5 2. Nf3 Nf6 3. Nc3 Nc6 4. g3 d5 5. d4 e6 6. cxd5 Nxd5 7. Bg2 cxd4 8.
Nxd4 Nxc3 9. bxc3 Nxd4 10. cxd4 Bb4+ 11. Kf1 O-O 12. Bb2 Qe7 13. f4 Rb8 14. Kf2
b5 15. Qb3 a5 16. Rac1 a4 17. Qd3 Rd8 18. Rc2 Bd6 19. Rhc1 b4 20. Qc4 Qa7 21.
e3 Ba6 22. Qc6 b3 23. axb3 axb3 24. Rc3 Bb7 25. Qc4 Bxg2 26. Kxg2 Qa2 27. R1c2
Qa8+ 0-1

[Event "Amber 2011 - Rapid"]
[Site "Montecarlo"]
[Date "17.03.2011"]
[Round "5R"]
[White "Gelfand, B."]
[Black "Kramnik, V."]
[Result "0-1"]
[WhiteElo "2733"]
[BlackElo "2785"]
[PlyCount "88"]
[EventDate "2011.03.12"]

1. d4 Nf6 2. c4 e6 3. Nc3 Bb4 4. e3 O-O 5. Nge2 d5 6. a3 Bd6 7. c5 Be7 8. b4 b6
9. Nf4 c6 10. Bb2 Nbd7 11. Be2 Qc7 12. O-O bxc5 13. bxc5 e5 14. dxe5 Nxe5 15.
Qd4 Ned7 16. Na4 Re8 17. Rac1 Bf8 18. f3 Rb8 19. Bc3 Rb3 20. Ra1 Qb8 21. Rfc1
Ne4 22. Bb4 Ng5 23. Rc3 Rxc3 24. Bxc3 f6 25. Kf2 Ne5 26. Qb4 Qc7 27. Qa5 Qe7
28. Bd4 Bf5 29. Nc3 Rb8 30. g4 Bc2 31. Rc1 Bg6 32. Nxg6 Nxg6 33. Rb1 Rxb1 34.
Nxb1 Ne6 35. Nd2 f5 36. Nb3 Qh4+ 37. Kg1 fxg4 38. fxg4 Qh3 39. Qd2 Nh4 40. Bd1
Nf3+ 41. Bxf3 Qxf3 42. Be5 Ng5 43. h4 Nh3+ 44. Kh2 Nf2 0-1

[Event "Amber 2011 - Rapid"]
[Site "Montecarlo"]
[Date "18.03.2011"]
[Round "6R"]
[White "Nakamura, Hi"]
[Black "Gelfand, B."]
[Result "0-1"]
[WhiteElo "2774"]
[BlackElo "2733"]
[PlyCount "70"]
[EventDate "2011.03.12"]

1. d4 Nf6 2. c4 e6 3. Nc3 Bb4 4. e3 O-O 5. Bd3 d5 6. cxd5 exd5 7. Nge2 Re8 8.
O-O Bf8 9. Bd2 b6 10. Rc1 c5 11. Nf4 Ba6 12. Qf3 Bxd3 13. Nxd3 Nc6 14. dxc5
bxc5 15. Rfd1 c4 16. Nf4 Ne5 17. Qh3 Rb8 18. Rc2 Nd3 19. Qf3 d4 20. exd4 Rxb2
21. Rxb2 Nxb2 22. Rc1 Qxd4 23. Be3 Qe5 24. g3 Nd3 25. Nxd3 cxd3 26. Bd2 Qd4 27.
Rb1 Qc4 28. Rb3 Bb4 29. Kg2 a5 30. Nb1 Rd8 31. Bxb4 axb4 32. Nd2 Qc2 33. Qf4
Nd5 34. Qh4 f6 35. Qc4 Qxd2 0-1

[Event "Amber 2011 - Rapid"]
[Site "Montecarlo"]
[Date "19.03.2011"]
[Round "7R"]
[White "Gelfand, B."]
[Black "Aronian, L."]
[Result "1/2-1/2"]
[WhiteElo "2733"]
[BlackElo "2808"]
[PlyCount "43"]
[EventDate "2011.03.12"]

1. d4 Nf6 2. c4 e6 3. Nc3 Bb4 4. e3 O-O 5. Nge2 d5 6. a3 Be7 7. Ng3 c6 8. Be2
dxc4 9. Bxc4 Nbd7 10. Ba2 c5 11. d5 exd5 12. Nxd5 Nxd5 13. Qxd5 Nf6 14. Qxd8
Rxd8 15. Bd2 b6 16. f3 Nd5 17. e4 Nc7 18. O-O-O Be6 19. Bxe6 fxe6 20. Bc3 Nb5
21. Be5 Bf6 22. Bxf6 1/2-1/2